1993 uniformed services almanac (Запис № 278780)

МАРК-запис
000 -LEADER
fixed length control field 00553nam a22001457a 4500
041 ## - LANGUAGE CODE
Language code of text/sound track or separate title eng
080 ## - UNIVERSAL DECIMAL CLASSIFICATION NUMBER
Universal Decimal Classification number 81.2
245 ## - TITLE STATEMENT
Title 1993 uniformed services almanac
250 ## - EDITION STATEMENT
Edition statement 35
260 ## - PUBLICATION, DISTRIBUTION, ETC. (IMPRINT)
Date of publication, distribution, etc 1993
300 ## - PHYSICAL DESCRIPTION
Extent 228
520 ## - SUMMARY, ETC.
Summary, etc This almanac contains more valuable, up-to-date information for military members and their families than ever before. We have completely revised several sections of the almanac to reflect changes created by legislation and policy changes.
-- Pay, allowance, health care, benefit, veteran.
650 ## - SUBJECT ADDED ENTRY--TOPICAL TERM
Topical term or geographic name as entry element Politics
942 ## - ADDED ENTRY ELEMENTS (KOHA)
Koha item type Книги
Фонди
Withdrawn status Lost status Source of classification or shelving scheme Damaged status Not for loan Home library Current library Date acquired Source of acquisition Coded location qualifier Cost, normal purchase price Total Checkouts Full call number Barcode Date last seen Price effective from Koha item type
    Universal Decimal Classification     ВІЛ - Відділ іноземн. літератури НБ ВІЛ - Відділ іноземн. літератури НБ 08/08/2005 №346 F23 3.00   81.2 202595 26/11/2021 08/02/1999 Книги